LEADER 01828nam a2200301 u 4500 001 000000109474 003 CaOOAMICUS 005 20080206095038.0 008 080205s1915 it u000 u grc u 040 $aPUL(R)$bita$dBc 041 0 $agrc 100 0 $aHomerus,$dsec. VIII a.C.$0(OLS)http://pul/name/7026 240 10$aOdyssea$lGreco.$0(OLS)http://pul/title/137724 245 13$aIl libro XVII dell'Odissea /$cOmero ; con note italiane del prof. Gaetano Gigli. 260 $aLivorno :$bRaffaello Giusti,$c1915. 300 $aviii, 45 p. ;$c19 cm. 501 $aSta con: Il libro XVIII dell'Odissea / Omero ; con note italiane del prof. Gaetano Gigli -- Il libro XIX dell'Odissea / Omero ; con note italiane del prof. Pasquale Giardelli -- Il libro XX dell'Odissea / Omero ; con note italiane del prof. Pasquale Giardelli -- Il libro XXI dell'Odissea / Omero ; con note italiane del prof. Gustavo Boralevi -- Il libro XXII dell'Odissea / Omero ; con note italiane del prof. Gustavo Boralevi -- Il libro XXIII dell'Odissea / Omero ; con note italiane del prof. Gustavo Boralevi -- Il libro XXIV dell'Odissea / Omero ; con note italiane del prof. Gustavo Boralevi. 700 1 $aGigli, Gaetano.$0(OLS)http://pul/name/67106 700 0 $aHomerus,$dsec. VIII a.C.$tOdyssea.$0(OLS)http://pul/nameTitle/271$0(OLS)http://pul/name/7026$0(OLS)http://pul/title/132000 850 $aPUL 852 $aPUL$W1$xDP1 Cons. Gen., Altre Classi 1$y22$m242 C 16.int.1$j125201$aLibro XVII$qStampati$B123928$CPULBib$Z2$F123928 $82 900 $aHomer$97026 900 $aOmero$dsec. VIII a.C.$97026 900 $aHomer$97026 900 $aOmero$dsec. VIII a.C.$97026 941 1 $a8 996 $6245$aIl libro XVII dell'Odissea$9(OLS)http://pul/title/137723 996 $6260$aLivorno :$bRaffaello Giusti$9(OLS)http://pul/publisher/72290 LEADER 01360nam a2200313 a 4500 001 000000175799 003 CaOOAMICUS 005 20230221135043.0 008 230221m2018 gw b u000 u ger r 020 $a978-3-451-37982-6* 032 $aLibriCat 040 $aPUL$bita 100 1 $aRahner, Karl,$cS.I.,$d1904-1984.$0(OLS)http://pul/name/3587 245 10$aRegister /$cKarl Rahner ; Erstellt von Albert Raffelt. 260 $aFreiburg ;$aBasel ;$aWien :$bHerder,$c©2018. 300 $a1086 p. ;$b$c24 cm 490 1 $aSämtliche Werke ;$v32.2 504 $aInclude riferimenti bibliografici. 700 1 $aRaffelt, Albert.$0(OLS)http://pul/name/40537 800 1 $aRahner, Karl,$cS.I.,$d1904-1984.$tOpera omnia ;$v32.2.$0(OLS)http://pul/nameTitle/1412$0(OLS)http://pul/name/3587$0(OLS)http://pul/title/2415 830 0$aKarl Rahner Sämtliche Werke ;$v32.2.$0(OLS)http://pul/title/205455 850 $aPUL 852 $aPUL$W1$xSL Religione 1$y3$m56 P 32.2$j199961$qStampati$B204743$CPULBib$Z2$F204743 $H136108 $82 941 1 $a8 983 0$aSämtliche Werke / Rahner, Karl. 996 $6020$a978-3-451-37982-6* $9(OLS)http://pul/number/169065 996 $6245$aRegister$9(OLS)http://pul/title/217259 996 $6260$aFreiburg ;$aBasel ;$aWien :$bHerder$9(OLS)http://pul/publisher/48104